Bydeler i Oslo - Statistics

General Stats
  • This quiz has been taken 985 times
  • The average score is 8 of 15
Answer Stats
# Bydel % Correct
5 Frogner
71%
2 Grünerløkka
65%
1 Gamle Oslo
64%
14 Nordstrand
62%
10 Grorud
57%
11 Stovner
55%
7 Vestre Aker
49%
8 Nordre Aker
47%
12 Alna
46%
3 Sagene
45%
6 Ullern
45%
15 Søndre Nordstrand
43%
4 St. Hanshaugen
37%
9 Bjerke
36%
13 Østensjø
34%
No matching quizzes found
Score Distribution
Percent of People with Each Score
Percentile by Number Answered
Your Score History
You have not taken this quiz